Geografia Ameryk na literę A - Statystyki

Ogólne statystyki
  • Ten quiz został rozwiązany 150 razy
  • Średni wynik to 11 z 20
Statystyki odpowiedzi
Clue Odpowiedź % Poprawnych
Rzeka często uważana za najdłuższą na świecie Amazonka
98%
Państwo Ameryki Południowej Argentyna
94%
Najwyższy łańcuch górski obu Ameryk Andy
93%
Największy stan USA według powierzchni Alaska
88%
Wyspa politycznie połączona z Barbudą Antigua
82%
"Stan Wielkiego Kanionu" Arizona
75%
Wyspa w zatoce San Francisco, w której znajduje się nieczynne więzienie Alcatraz
68%
Stolica Paragwaju Asuncion
56%
Najwyższy wodospad na świecie Salto {Angel}
53%
Najwyższa góra powyższego Aconcagua
49%
Holenderska wyspa na Karaibach Aruba
47%
Stolica Teksasu Austin
46%
Najsuchsza niepolarna pustynia świata Atakama
45%
Łańcuch górski rozciągający się od Alabamy do Nowej Fundlandii Appalachy
41%
Jedna z kanadyjskich prowincji Alberta
39%
Najludniejsze miasto powyższego Anchorage
37%
Miasto z najbardziej ruchliwym lotniskiem świata Atlanta
32%
Stolica stanu Nowy Jork Albany
18%
Najbardziej znany militarny cmentarz w Stanach Zjednoczonych Arlington
10%
Historyczna misja w San Antonio, gdzie Meksyk pokonał Teksas Alamo
8%
Nie znaleziono quizów pasujących do podanych kryteriów
Rozkład punktacji
Procent ludzi z każdym wynikiem
Percentyl według liczby udzielonych odpowiedzi
Twoja historia wyników
Nie rozwiązałeś tego quizu